000 01499nam a2200349 c 4500
999 _c123066
_d123066
003 BLK
005 20240926004019.0
008 180409b bul|||||r ||||||| ||bul||
010 _aKNG00128719000
020 _a954-406-020-0
040 _aBLK
041 _aBUL
_cBUL
080 _aБългарска литература
_b821.163.2
_x-93-1
_z821.163.2-93-1
100 1 _aБатко Златко
_eпърви автор
_gБатембергски, Марин Петров
_9268839
139 _aБатко Златко
_bБ 28
245 1 0 _aГъбарко
_bПриказка в стихове
_cБатко Златко; худож. Вадим Вадимович Лазаркевич; * Марин Петров Батембергски.
250 _a3. изд.
257 _aBGR
260 _bБълг. художник
_c1993
_aСофия
300 _a17 с.
_bс цв. ил.
_c31 см
380 _aDX
490 _aБиблиотека Любими детски илюстратори
_9204993
500 _aБатко Златко - псевд. на Марин Петров Батембергски. - 1. изд. 1963.
700 1 _aБатембергски, Марин Петров
_e*
_9283920
852 _aЦб ІІ 17118
856 4 _qpdf
856 4 _qpdf
942 _cKNG
_n0
_s1
944 _aCR
_c14.03.2012
_lCRON CRON
_k
944 _aED
_c27.03.2012
_l14.03.2012 - от С1,Р / 14.03.2012
999 _d123066